000 00967nam a22002537a 4500
005 20220927125934.0
008 220927s2011 nyua|||gr|||| 00| 0 eng d
020 _a9780807616079
040 _aCO-BoUCM
_bspa
_cDeissy Garcia
_dDeissy Garcia
041 _aeng
100 _9107308
_aSchapiro, Meyer
245 1 0 _aModern art, 19th & 20th centuries
_cMeyer Schapiro ; prefacio Adrienne Baxter Bell
260 _aNueva York
_bGeorge Braziller
_c2011
300 _axxii, 277 páginas, [39] láminas
_bilustraciones
490 0 _aSelected papers
_v2
500 _aBibliografía Básica - Facultad de Creación - Pregrado en Creación
504 _aIncluye referencias bibliográficas e índices
650 7 _aArte moderno
_ySiglo XIX
_9174275
650 7 _aArte moderno
_ySiglo XX
_928953
650 7 _aArte abstracto
_99445
700 1 _9175846
_aBaxter Bell, Adrienne
942 _2DEWEY
_a17
_cLIBRO
_e1
_h709.04
_mS299m
_n0
999 _c321712
_d321712